000
00329nam a22001457a 4500
003
OSt
005
20220104113631.0
008
220104b |||||||| |||| 00| 0 eng d
020
_a
047129229x
040
_c
HU
082
_a
006.696
100
_a
Ratner
_9
27072
245
_a
3D Human Modeling & Animation
942
_2
ddc
_c
BOOKS
_n
0
999
_c
25967
_d
25967